[Event "Troya op"]
[Site "Canakkale"]
[Date "2010.08.07"]
[Round "1"]
[White "Odeev, Handszar"]
[Black "Ozusta, Ozgun"]
[Result "1-0"]
[WhiteElo "2410"]
[BlackElo "1742"]
[PlyCount "43"]
[EventDate "2010.08.07"]
[EventType "swiss"]
[EventRounds "9"]
[EventCountry "TUR"]
[SourceTitle "CBM 137 Extra"]
[Source "ChessBase"]
[SourceDate "2010.09.01"]
[SourceVersion "1"]
[SourceVersionDate "2010.09.01"]
[SourceQuality "1"]

1. e4 e6 2. d4 d5 3. Nc3 Nf6 4. e5 Nfd7 5. f4 a6 6. Nf3 c5 7. Be3 cxd4 8. Nxd4 Nc6 9. Qd2 Bc5 10. 0-0-0 Qa5 11. Nb3 Bxe3 12. Qxe3 Qb6 13. Qg3 0-0 14. Bd3 Nb4 15. Rhe1 Nc5 16. Nxc5 Qxc5 17. a3 Nxd3+ 18. Rxd3 b5 19. f5 exf5 20. Nxd5 f4 21. Qxf4 g6 22. Qh6 1-0